Adult education and development (Record no. 12007)
[ view plain ]
| 000 -LEADER | |
|---|---|
| fixed length control field | 00437 a2200109 4500 |
| 245 ## - TITLE STATEMENT | |
| Title | Adult education and development |
| Remainder of title | : Education des adultes et développement. Educación de adultos y desarrollo |
| Medium | |
| 650 ## - SUBJECT ADDED ENTRY--TOPICAL TERM | |
| Topical term or geographic name entry element | EDUCATIONAL DEVELOPMENT\ |
| 260 ## - PUBLICATION, DISTRIBUTION, ETC. | |
| Place of publication, distribution, etc. | gw |
| Name of publisher, distributor, etc. | Dept. for Adult Education in Developing Countries of the DVV. |
| Date of publication, distribution, etc. | 1973 |
| 084 ## - | |
| -- | LC2607 .A28 |
| 300 ## - PHYSICAL DESCRIPTION | |
| Extent | no. 30 cm. |
| Other physical details | no. 30 cm. |
| Dimensions | no. 30 cm. |
| 500 ## - GENERAL NOTE | |
| General note | Also issued online. |
No items available.